Statystyki dla Czy wiesz co to za kraj?

Kliknij tutaj aby rozwiązać quiz!

Ogólne statystyki

  • Ten quiz został rozwiązany 9 614 razy
  • Średni wynik to 7 z 30

Statystyki odpowiedzi

OpisKraj% Poprawnych
Kraj z którego pochodzi najpopularniejszy Youtuber na świecie.Szwecja
88%
Kraj, który jest najsłabszą piłkarską reprezentacją w Europie.San Marino
63%
Kraj borykający się od kilku lat z hiperinfalcją, ma tak właściwie dwóch prezydentów, z czego większość świata uznaje tego nowszego.Wenezuela
59%
Kraj z którego aż dwie głowy państwa zginęły w katastrofach lotniczych.Polska
57%
Kraj, o którego prezydencie mówi się "ostatni dyktator w Europie", na różnych statystycznych mapkach zwykle jest zaznaczony kolorem szarym z dopiskiem "Brak danych".Białoruś
51%
Kraj, który jest ostatnim z powstałych po byłej Jugosławii państw, wciąż nieuznawany przez wiele narodów.Kosowo
47%
Kraj, który jest ponad 31 razy większy od Polski, a co drugi jego mieszkaniec jest większy od co drugiego Polaka.USA
42%
Kraj znany z tego, że była koncepcja osadnictwa tam Żydów, oprócz tego kojarzony z kreskówkowych pingwinów.Madagaskar
41%
Kraj, który ma 11 języków urzędowych, do połowy lat 90. bazujący na podziale ludzi na dwie rasy.RPA
35%
Kraj, który do 2011 roku był największym państwem na swoim kontynencie.Sudan
30%
Kraj z którego pochodzi portugalski piłkarz Eusebio, na swojej fladze ma kałasznikowa.Mozambik
23%
Kraj, który jest drugim największym producentem Uranu, rozmawia się tam po angielsku i francusku.Kanada
21%
Kraj, którego stolica niedawno zmieniła nazwę na cześć podającego się do dymisji prezydenta,Kazachstan
20%
Kraj, który jest największą enklawą świata.Lesotho
19%
Kraj w europie, który jako jedyny nie ma swojej ligi piłkarskiej, mimo że ma puchar.Liechtenstein
18%
Kraj w którym w 2010r. było potężne trzęsienie ziemi pochłaniające ponad 300 tysięcy ofiar.Haiti
17%
Kraj w którym najwcześniej witany jest nowy rok, a jedno z większych miast jest nazwane Poland.Kiribati
15%
Kraj, który statystycznie jest najmądrzejszym krajem świata (średnie IQ na mieszkańca to 108).Singapur
13%
Kraj uznawany tylko przez 16 państw członkowskich ONZ, ostatnio wprowadził małżeństwa jednopłciowe.Tajwan
13%
Kraj kiedyś dotknięty okrutnym ludobójstwem, a dziś jeden z lepiej rozwijających się na całym świecie.Rwanda
12%
Kraj, który w 2010 roku doszedł do ćwierćfinału Mistrzostw Świata w piłkę nożną, a temperatura tam nigdy nie spadła poniżej 5 stopni.Ghana
11%
Kraj, którego nazwa pochodzi od przywódcy walk o wyzwolenie tego państwa spod rąk hiszpańskich.Boliwia
10%
Kraj w którym ponad 10% mieszkańców to żołnierze w służbie czynnej.Watykan
8%
Kraj, w którym głowa państwa rządzi nieprzerwanie już od 52 lat, ostatnio wprowadzono tam karę śmierci za homoseksualizm.Brunei
6%
Kraj, który jest jednym z najbardziej okrągłych państw świata, przy okazji jednym z najbiedniejszych.Sierra Leone
6%
Kraj, który jako jedyny tworzy serial "Ranczo" na polskiej licencji.Estonia
5%
Kraj, który ma największy wskaźnik zabóstw rocznie na 100.000 mieszkańców.Salwador
4%
Kraj, który jest na ostatnim miejscu we wskaźniku wolnego dostępu do prasy i mediów, jego prezydent kiedyś wydał własną biblię, bez której nie zdasz prawa jazdy.Turkmenistan
4%
Kraj, który podbił świat w symulacji facebookowego bota "WorldWarBot 2020", największy producent i eksporter energii wodnej.Paragwaj
3%
Kraj z którego pochodzi holenderski piłkarz, Wesley SneijderHolanda
2%

Rozkład punktacji

Percentyl według liczby udzielonych odpowiedzi

Procent ludzi z każdym wynikiem

Twoja historia wyników

Nie rozwiązałeś tego quizu